000
00298nam a22001337a 4500
008
180226b xxu||||| |||| 00| 0 eng d
020
_a
0815158459
041
_a
eng
080
_a
159.9
100
_a
49
101
_a
PSI
245
_a
Plastic and reconstructive surgery
_c
Coy,M
942
_2
udc
_c
BK
999
_c
43414
_d
43414